[Event "Wch Blitz"]
[Site "Samarkand"]
[Date "2023.12.29"]
[Round "5"]
[White "Khusenkhojaev, Mustafokhuja"]
[Black "Kuziev, Miraziz"]
[Result "0-1"]
[WhiteElo "2298"]
[BlackElo "2250"]
[PlyCount "72"]
[EventDate "2023.12.29"]
[EventType "swiss (blitz)"]
[EventRounds "21"]
[EventCountry "UZB"]
[SourceTitle "CB01_2024"]
[SourceDate "2024.01.03"]
[SourceVersion "1"]
[SourceVersionDate "2024.01.03"]
[SourceQuality "1"]

1. d4 Nf6 2. c4 e6 3. g3 d5 4. Nf3 b6 5. cxd5 exd5 6. Bg2 Bb4+ 7. Bd2 Be7 8. 0-0 Bb7 9. Bf4 0-0 10. Qc2 c5 11. Nc3 Nc6 12. Rfd1 Qc8 13. Rac1 Rd8 14. a3 h6 15. dxc5 bxc5 16. Na4 Ne4 17. Nd2 Nd4 18. Qd3 Ba6 19. Qxd4 cxd4 20. Rxc8 Raxc8 21. Nxe4 dxe4 22. Bxe4 Bxe2 23. Rd2 Rc1+ 24. Kg2 Bd1 25. b3 Bxb3 26. Rb2 Rc4 27. Rxb3 Rxa4 28. Rb7 Bc5 29. Bc2 Rxa3 30. Bb3 Rf8 31. Bc4 Rc3 32. Bd5 d3 33. Rd7 Rc2 34. Be4 Rxf2+ 35. Kh3 g5 36. Be5 Re2 0-1

[Event "Wch Blitz"]
[Site "Samarkand"]
[Date "2023.12.29"]
[Round "3"]
[White "Khusenkhojaev, Mustafokhuja"]
[Black "Seemann, Jakub"]
[Result "0-1"]
[WhiteElo "2298"]
[BlackElo "2441"]
[PlyCount "136"]
[EventDate "2023.12.29"]
[EventType "swiss (blitz)"]
[EventRounds "21"]
[EventCountry "UZB"]
[SourceTitle "CB01_2024"]
[SourceDate "2024.01.03"]
[SourceVersion "1"]
[SourceVersionDate "2024.01.03"]
[SourceQuality "1"]

1. d4 Nf6 2. c4 e6 3. g3 c5 4. d5 exd5 5. cxd5 d6 6. Nc3 g6 7. Bg2 Bg7 8. Nf3 0-0 9. 0-0 Re8 10. Bf4 h6 11. h4 Na6 12. Re1 Bg4 13. Nd2 Nh5 14. Be3 Rxe3 15. fxe3 Nxg3 16. Nf3 Nf5 17. Qa4 Nxe3 18. Qe4 Qe8 19. Rac1 Nb4 20. a3 Nbc2 21. Rxc2 Qxe4 22. Nxe4 Nxc2 23. Rc1 Nd4 24. Nxd4 Bxd4+ 25. Kf1 Be5 26. b4 b6 27. Bf3 Bh3+ 28. Kf2 Bd7 29. bxc5 bxc5 30. Rb1 Kg7 31. Rb7 Bf5 32. Nd2 Bc8 33. Rc7 Ba6 34. Bg4 Kf8 35. Nf3 Bf6 36. Rc6 Bb5 37. Rxd6 Be7 38. Rc6 Bxc6 39. dxc6 Bd6 40. Bd7 Ke7 41. Nd2 Rb8 42. Nc4 Bc7 43. Ne3 Rb2 44. Nd5+ Kd6 45. Nf6 Ba5 46. Ne4+ Kd5 47. Nf6+ Ke5 48. Ng4+ Kf4 49. Ne3 Rb3 50. Nd5+ Ke5 51. Ne3 Bc7 52. Be8 Ke6 53. Nd5 Kd6 54. Bxf7 Rxa3 55. Ne3 Kxc6 56. Be8+ Kb7 57. Bxg6 a5 58. Be4+ Kb8 59. Nc4 Rc3 60. Bd5 a4 61. Ke1 a3 62. Kd2 Rg3 63. Kc2 Ka7 64. e4 a2 65. Kb2 Rg2+ 66. Ka1 Bd8 67. e5 Re2 68. Na5 Bxa5 0-1

[Event "Wch Rapid"]
[Site "Samarkand"]
[Date "2023.12.28"]
[Round "10"]
[White "Demchenko, Anton"]
[Black "Khusenkhojaev, Mustafokhuja"]
[Result "1/2-1/2"]
[WhiteElo "2609"]
[BlackElo "2298"]
[PlyCount "95"]
[EventDate "2023.12.26"]
[EventType "swiss (rapid)"]
[EventRounds "13"]
[EventCountry "UZB"]
[SourceTitle "CB01_2024"]
[SourceDate "2024.01.03"]
[SourceVersion "1"]
[SourceVersionDate "2024.01.03"]
[SourceQuality "1"]

1. e4 e5 2. Nf3 Nc6 3. Bc4 Bc5 4. d3 Nf6 5. Bg5 h6 6. Bh4 Be7 7. Bg3 d6 8. a4 0-0 9. h3 Kh8 10. a5 a6 11. Nc3 Nh7 12. Nd5 f5 13. exf5 Bxf5 14. 0-0 Nf6 15. Re1 Nxd5 16. Bxd5 Bf6 17. c3 Rb8 18. Nd2 Ne7 19. Be4 Qd7 20. Nc4 Bxe4 21. dxe4 Qe6 22. Ra4 Bg5 23. Qg4 Qf7 24. h4 Bf4 25. Bxf4 Qxf4 26. Qxf4 Rxf4 27. g3 Rf7 28. Ne3 Nc6 29. Re2 Nd8 30. b4 Ne6 31. Raa2 Rbf8 32. Kg2 Kh7 33. Rab2 g6 34. Nc4 Rf3 35. Re3 R3f7 36. f3 g5 37. hxg5 hxg5 38. g4 Kg6 39. Kg3 Rh8 40. Rh2 Rxh2 41. Kxh2 Rh7+ 42. Kg1 Nf4 43. Nd2 Nh3+ 44. Kf1 Nf4 45. Kg1 Nh3+ 46. Kf1 Nf4 47. Kg1 Nh3+ 48. Kf1 1/2-1/2

[Event "Wch Rapid"]
[Site "Samarkand"]
[Date "2023.12.27"]
[Round "8"]
[White "Khusenkhojaev, Mustafokhuja"]
[Black "Muradli, Mahammad"]
[Result "1-0"]
[WhiteElo "2298"]
[BlackElo "2550"]
[PlyCount "81"]
[EventDate "2023.12.26"]
[EventType "swiss (rapid)"]
[EventRounds "13"]
[EventCountry "UZB"]
[SourceTitle "CB01_2024"]
[SourceDate "2024.01.03"]
[SourceVersion "1"]
[SourceVersionDate "2024.01.03"]
[SourceQuality "1"]

1. d4 Nf6 2. c4 e6 3. g3 Bb4+ 4. Bd2 Qe7 5. Bg2 Nc6 6. Nf3 Bxd2+ 7. Nbxd2 0-0 8. 0-0 d6 9. Nb1 e5 10. d5 Nb8 11. Nc3 a5 12. a3 Na6 13. b4 Bd7 14. Rb1 c6 15. dxc6 bxc6 16. b5 Nc5 17. Nd2 Rfc8 18. Nde4 Ncxe4 19. Nxe4 Ne8 20. Qd2 f5 21. Nxd6 Nxd6 22. Rbd1 Nxc4 23. Qxd7 Qxd7 24. Rxd7 e4 25. bxc6 Rxc6 26. Rb1 Rb6 27. Rc1 Rc8 28. f3 Rbc6 29. fxe4 Ne5 30. Rxc6 Rxc6 31. Rd8+ Kf7 32. exf5 Rc1+ 33. Kf2 Rc3 34. h3 Rxa3 35. g4 a4 36. Rd5 Nc4 37. Rd7+ Kf6 38. Ra7 Ne5 39. Ra6+ Kg5 40. Re6 Kf4 41. f6 1-0

[Event "Issykkul op"]
[Site "Korumdu"]
[Date "2023.07.20"]
[Round "10"]
[White "Orozbaev, Eldiar"]
[Black "Khusenkhojaev, Mustafokhuja"]
[Result "1-0"]
[WhiteElo "2281"]
[BlackElo "2293"]
[PlyCount "71"]
[EventDate "2023.07.12"]
[EventType "swiss"]
[EventRounds "10"]
[EventCountry "KGZ"]
[SourceTitle "CBM 215 Extra"]
[Source "ChessBase"]
[SourceDate "2023.09.30"]
[SourceVersion "1"]
[SourceVersionDate "2023.09.30"]
[SourceQuality "1"]

1. g3 Nf6 2. Bg2 d5 3. f4 g6 4. Nf3 Bg7 5. 0-0 c5 6. d3 0-0 7. Qe1 d4 8. e4 dxe3 9. Nc3 Nc6 10. Bxe3 Nd4 11. Rc1 Rb8 12. Ne4 b6 13. Ne5 Ng4 14. Nxg4 Bxg4 15. h3 Be6 16. c3 Nf5 17. Bf2 Qxd3 18. Ng5 Bxa2 19. g4 Nd6 20. Rd1 Qb5 21. Qxe7 h6 22. Rxd6 hxg5 23. Qxg5 Qxb2 24. f5 f6 25. Qxg6 Rbd8 26. Re6 Rd2 27. g5 Bxe6 28. fxe6 Rxf2 29. Rxf2 Qc1+ 30. Kh2 Qxg5 31. Be4 Qe5+ 32. Kg2 f5 33. Bxf5 Rf6 34. Qe8+ Bf8 35. Qh5 Bh6 36. Bh7+ 1-0

[Event "Central Asia Cup"]
[Site "Tashkent"]
[Date "2023.01.22"]
[Round "7"]
[White "Zhalmakhanov, Ramazan"]
[Black "Khusenkhojaev, Mustafokhuja"]
[Result "0-1"]
[WhiteElo "2428"]
[BlackElo "2265"]
[PlyCount "106"]
[EventDate "2023.01.18"]
[EventType "swiss"]
[EventRounds "9"]
[EventCountry "UZB"]
[SourceTitle "CBM 212 Extra"]
[Source "ChessBase"]
[SourceDate "2023.03.31"]
[SourceVersion "1"]
[SourceVersionDate "2023.03.31"]
[SourceQuality "1"]

1. e4 e5 2. Nf3 Nc6 3. Bb5 a6 4. Ba4 Nf6 5. 0-0 Be7 6. Re1 b5 7. Bb3 d6 8. c3 0-0 9. h3 Bb7 10. d4 Re8 11. Ng5 Rf8 12. Nf3 Re8 13. Nbd2 Bf8 14. a3 h6 15. Bc2 Nb8 16. b4 Nbd7 17. Bb2 a5 18. Bd3 axb4 19. cxb4 exd4 20. Nxd4 c6 21. Rc1 Rc8 22. Qb3 Qb6 23. Bf1 c5 24. Nxb5 d5 25. e5 c4 26. Qg3 Qxb5 27. exf6 g6 28. Nf3 Qb6 29. Ne5 Nxe5 30. Bxe5 Re6 31. Qc3 Rce8 32. Bd4 Qa6 33. Rxe6 Rxe6 34. g3 h5 35. h4 Qa4 36. Ra1 Bc6 37. Bg2 Bd6 38. Bf3 Qb5 39. Rb1 Re8 40. Bd1 Bd7 41. a4 Qb8 42. Bf3 Bf5 43. Rb2 Bxg3 44. Bxd5 Bh2+ 45. Kg2 Qf4 46. Bc6 Rd8 47. Rd2 Qxh4 48. Kf1 Bd3+ 49. Rxd3 cxd3 50. Be3 Bf4 51. Qc4 d2 52. Bf3 Qh3+ 53. Ke2 d1Q# 0-1

[Event "Wch Blitz"]
[Site "Almaty"]
[Date "2022.12.29"]
[Round "4"]
[White "Harsha, Bharathakoti"]
[Black "Khusenkhojaev, Mustafokhuja"]
[Result "0-1"]
[WhiteElo "2527"]
[BlackElo "2217"]
[PlyCount "80"]
[EventDate "2022.12.29"]
[EventType "swiss (blitz)"]
[EventRounds "21"]
[EventCountry "KAZ"]
[SourceTitle "CBM 212"]
[Source "ChessBase"]
[SourceDate "2023.02.28"]
[SourceVersion "1"]
[SourceVersionDate "2023.02.28"]
[SourceQuality "1"]

1. c4 Nf6 2. Nc3 d5 3. cxd5 Nxd5 4. Nf3 g6 5. h4 Bg7 6. h5 Nc6 7. g3 0-0 8. Bg2 Nxc3 9. bxc3 e5 10. Qc2 Bf5 11. e4 Bg4 12. hxg6 hxg6 13. d3 b5 14. Be3 Qd7 15. Ng5 Rfd8 16. f3 Be6 17. Bf1 b4 18. Qh2 bxc3 19. Qh7+ Kf8 20. Bc5+ Ne7 21. Rc1 Rab8 22. Rxc3 Rb1+ 23. Kf2 Rb5 24. Kg2 Bxa2 25. Be2 Rxc5 26. Rxc5 Rb8 27. Rc2 Bb3 28. Rc3 Qd4 29. Rxc7 Qe3 30. Re1 Qxg5 31. Rxa7 Be6 32. Qh1 Nc6 33. Ra3 Nd4 34. Rea1 Kg8 35. Bd1 Rb2+ 36. Kf1 Qxg3 37. Ra8+ Bf8 38. Rxf8+ Kxf8 39. Qh8+ Ke7 40. Ra7+ Bd7 0-1

[Event "Wch Blitz"]
[Site "Almaty"]
[Date "2022.12.29"]
[Round "2"]
[White "Khusenkhojaev, Mustafokhuja"]
[Black "Muradli, Mahammad"]
[Result "0-1"]
[WhiteElo "2217"]
[BlackElo "2610"]
[PlyCount "63"]
[EventDate "2022.12.29"]
[EventType "swiss (blitz)"]
[EventRounds "21"]
[EventCountry "KAZ"]
[SourceTitle "CBM 212"]
[Source "ChessBase"]
[SourceDate "2023.02.28"]
[SourceVersion "1"]
[SourceVersionDate "2023.02.28"]
[SourceQuality "1"]

1. d4 Nf6 2. c4 g6 3. Nc3 Bg7 4. Nf3 0-0 5. g3 c5 6. d5 e6 7. Bg2 exd5 8. cxd5 d6 9. 0-0 Re8 10. Bf4 a6 11. a4 Qc7 12. Nd2 Nh5 13. Be3 Rxe3 14. fxe3 Nd7 15. Nc4 Rb8 16. Ne4 Ne5 17. Nexd6 b5 18. Nxe5 Bxe5 19. Nxf7 Bxb2 20. d6 Qb6 21. d7 Bxd7 22. Qxd7 Bxa1 23. Rxa1 Nf6 24. Nh6+ Kh8 25. Qf7 c4 26. axb5 axb5 27. Kh1 Qd6 28. Rf1 Rf8 29. Qb7 Qd7 30. Rxf6 Qd1+ 31. Bf1 Rxf6 32. Qc8+ 0-1

[Event "Wch Blitz"]
[Site "Almaty"]
[Date "2022.12.29"]
[Round "12"]
[White "Khusenkhojaev, Mustafokhuja"]
[Black "Shishkov, Andrei"]
[Result "0-1"]
[WhiteElo "2217"]
[BlackElo "2230"]
[PlyCount "44"]
[EventDate "2022.12.29"]
[EventType "swiss (blitz)"]
[EventRounds "21"]
[EventCountry "KAZ"]
[SourceTitle "CBM 212"]
[Source "ChessBase"]
[SourceDate "2023.02.28"]
[SourceVersion "1"]
[SourceVersionDate "2023.02.28"]
[SourceQuality "1"]

1. d4 d5 2. c4 Bf5 3. cxd5 Bxb1 4. Rxb1 Qxd5 5. b3 Nc6 6. e3 e5 7. Nf3 exd4 8. Bc4 Qa5+ 9. Bd2 Bb4 10. exd4 0-0-0 11. d5 Re8+ 12. Kf1 Ne5 13. Nxe5 Bxd2 14. Qg4+ Kb8 15. Nxf7 Nh6 16. Nxh6 Bxh6 17. b4 Qb6 18. h4 Rhf8 19. Rb2 Qf6 20. Qe2 Rxe2 21. Rxe2 Qa1+ 22. Re1 Qd4 0-1

[Event "Wch Blitz"]
[Site "Almaty"]
[Date "2022.12.29"]
[Round "10"]
[White "Khusenkhojaev, Mustafokhuja"]
[Black "Uskov, Artem"]
[Result "0-1"]
[WhiteElo "2217"]
[BlackElo "2401"]
[PlyCount "69"]
[EventDate "2022.12.29"]
[EventType "swiss (blitz)"]
[EventRounds "21"]
[EventCountry "KAZ"]
[SourceTitle "CBM 212"]
[Source "ChessBase"]
[SourceDate "2023.02.28"]
[SourceVersion "1"]
[SourceVersionDate "2023.02.28"]
[SourceQuality "1"]

1. d4 Nf6 2. c4 e6 3. g3 d5 4. Nf3 Bb4+ 5. Bd2 Be7 6. Bg2 0-0 7. Qc2 Nbd7 8. 0-0 c6 9. Rd1 b6 10. b3 Ba6 11. a4 c5 12. a5 Qc8 13. dxc5 Bxc5 14. e3 dxc4 15. bxc4 Rb8 16. Na3 Bxa3 17. Rxa3 b5 18. Bb4 bxc4 19. Bxf8 Qxf8 20. Raa1 Nc5 21. Nd4 Nd3 22. Rab1 Rc8 23. Nc6 Ng4 24. Rd2 Ra8 25. Nd4 Rc8 26. Nc6 Ra8 27. h3 Nf6 28. Qc3 Nd5 29. Bxd5 exd5 30. Qd4 Rc8 31. Qxd5 Qe8 32. Nb4 Rd8 33. Qf5 g6 34. Qf6 Bc8 35. Nxd3 0-1

[Event "Wch Rapid"]
[Site "Almaty"]
[Date "2022.12.28"]
[Round "10"]
[White "Dardha, Daniel"]
[Black "Khusenkhojaev, Mustafokhuja"]
[Result "1-0"]
[WhiteElo "2511"]
[BlackElo "2161"]
[PlyCount "107"]
[EventDate "2022.12.26"]
[EventType "swiss (rapid)"]
[EventRounds "13"]
[EventCountry "KAZ"]
[SourceTitle "CBM 212"]
[Source "ChessBase"]
[SourceDate "2023.02.28"]
[SourceVersion "1"]
[SourceVersionDate "2023.02.28"]
[SourceQuality "1"]

1. d4 Nf6 2. Bg5 d5 3. e3 g6 4. Bxf6 exf6 5. g3 Be6 6. Bg2 c6 7. Ne2 Bd6 8. Nd2 f5 9. Qc1 Nd7 10. 0-0 0-0 11. c4 dxc4 12. Nxc4 Bc7 13. Qc2 Nf6 14. b4 Bd5 15. Bxd5 Qxd5 16. Qb3 a6 17. Nc3 Qf3 18. Qd1 Qxd1 19. Rfxd1 Rfd8 20. Rdc1 Nd5 21. Rab1 Nxc3 22. Rxc3 Rd5 23. a4 f6 24. Rc2 Kf7 25. Nb2 Bd6 26. Nd3 Be7 27. Kg2 h5 28. h4 g5 29. Rh1 Rh8 30. Kf3 Kg6 31. Rb1 Rh7 32. Ke2 Bf8 33. Rh1 a5 34. bxa5 Rxa5 35. Ra1 Rc7 36. Rb2 b5 37. Rba2 Rca7 38. hxg5 Kxg5 39. Nf4 Bd6 40. Ne6+ Kg6 41. Nd8 Rxa4 42. Rxa4 Rxa4 43. Rb1 Ra2+ 44. Kf3 Rc2 45. d5 cxd5 46. Rxb5 Rc5 47. Rb7 Rc7 48. Rb6 Be5 49. Ne6 Rc4 50. Rb7 h4 51. Nf8+ Kh6 52. Rh7+ Kg5 53. gxh4+ Rxh4 54. Ne6+ 1-0

[Event "Wch Rapid"]
[Site "Almaty"]
[Date "2022.12.28"]
[Round "12"]
[White "Petkov, Momchil"]
[Black "Khusenkhojaev, Mustafokhuja"]
[Result "1/2-1/2"]
[WhiteElo "2411"]
[BlackElo "2161"]
[PlyCount "168"]
[EventDate "2022.12.26"]
[EventType "swiss (rapid)"]
[EventRounds "13"]
[EventCountry "KAZ"]
[SourceTitle "CBM 212"]
[Source "ChessBase"]
[SourceDate "2023.02.28"]
[SourceVersion "1"]
[SourceVersionDate "2023.02.28"]
[SourceQuality "1"]

1. d4 Nf6 2. Nf3 g6 3. c4 Bg7 4. Nc3 d5 5. e3 0-0 6. cxd5 Nxd5 7. Bc4 Nxc3 8. bxc3 c5 9. 0-0 cxd4 10. cxd4 b6 11. Bb2 Bb7 12. Qe2 Nd7 13. e4 Rc8 14. Rac1 Rc7 15. Rc2 Bh6 16. d5 Qc8 17. Nd4 Ne5 18. Nf5 gxf5 19. Bxe5 Rc5 20. Bd4 Rc7 21. Qd3 f4 22. Rfc1 Qg4 23. f3 Qg5 24. e5 Rd8 25. d6 exd6 26. e6 d5 27. Bb3 Re7 28. exf7+ Rxf7 29. Rc7 Rdd7 30. Rxd7 Rxd7 31. h4 Qg6 32. Qe2 Bg7 33. Bxg7 Kxg7 34. Ba4 b5 35. Bxb5 Rf7 36. Be8 Qb6+ 37. Kh2 Ba6 38. Qe5+ Qf6 39. Qxf6+ Rxf6 40. Rc7+ Kf8 41. Ba4 Rf7 42. Rc6 Bc4 43. a3 Kg7 44. Rd6 Rf6 45. Rd7+ Rf7 46. Rd8 Kf6 47. Kg1 Ke5 48. Bc2 Kd4 49. h5 Kc3 50. Bb1 d4 51. Rc8 Kb3 52. Ba2+ Kxa2 53. Rxc4 Rd7 54. Kf2 Kxa3 55. Ke2 a5 56. Kd3 a4 57. h6 Kb3 58. Rc6 a3 59. Rb6+ Ka2 60. Rb4 Rd6 61. Kc2 Rc6+ 62. Kd3 Rxh6 63. Kxd4 Rg6 64. Kc3 Rxg2 65. Rxf4 Kb1 66. Rh4 Rf2 67. Rh1+ Ka2 68. Rxh7 Rxf3+ 69. Kc2 Rf2+ 70. Kc1 Kb3 71. Rb7+ Kc3 72. Rc7+ Kb3 73. Rb7+ Ka2 74. Rb8 Rf6 75. Rb7 Rc6+ 76. Kd2 Rc5 77. Rb8 Rh5 78. Kc2 Rh2+ 79. Kc1 Rb2 80. Rh8 Rb7 81. Rc8 Kb3 82. Kb1 a2+ 83. Ka1 Rh7 84. Rb8+ Ka3 1/2-1/2

[Event "Wch Rapid"]
[Site "Almaty"]
[Date "2022.12.27"]
[Round "9"]
[White "Khusenkhojaev, Mustafokhuja"]
[Black "Durarbayli, Vasif"]
[Result "1/2-1/2"]
[WhiteElo "2161"]
[BlackElo "2513"]
[PlyCount "109"]
[EventDate "2022.12.26"]
[EventType "swiss (rapid)"]
[EventRounds "13"]
[EventCountry "KAZ"]
[SourceTitle "CBM 212"]
[Source "ChessBase"]
[SourceDate "2023.02.28"]
[SourceVersion "1"]
[SourceVersionDate "2023.02.28"]
[SourceQuality "1"]

1. d4 d5 2. Nf3 Nf6 3. c4 c6 4. Nc3 e6 5. Bg5 dxc4 6. e4 b5 7. e5 h6 8. Bh4 g5 9. Nxg5 hxg5 10. Bxg5 Be7 11. exf6 Bxf6 12. Bxf6 Qxf6 13. g3 Na6 14. Bg2 Bb7 15. a4 0-0-0 16. axb5 cxb5 17. 0-0 Rxd4 18. Qe2 Bxg2 19. Kxg2 Nc7 20. Rxa7 Qf5 21. f4 b4 22. Qf2 Qh3+ 23. Kg1 bxc3 24. bxc3 Rd7 25. Rfa1 Qh5 26. Ra8+ Nxa8 27. Rxa8+ Kc7 28. Qa7+ Kc6 29. Qa4+ Kd6 30. Qb4+ Qc5+ 31. Qxc5+ Kxc5 32. Rxh8 Rd3 33. Rc8+ Kb5 34. Rb8+ Ka5 35. Kf2 Rxc3 36. h4 Rb3 37. Rc8 Kb4 38. h5 Rb2+ 39. Ke3 Rh2 40. Kd4 Rd2+ 41. Ke3 Rd3+ 42. Kf2 f5 43. h6 Rd7 44. Rc6 c3 45. Rxe6 Rc7 46. Re1 c2 47. Rc1 Kb3 48. g4 Kb2 49. Rxc2+ Rxc2+ 50. Kg3 fxg4 51. Kxg4 Kc3 52. Kg5 Kd4 53. h7 Rh2 54. Kg6 Ke4 55. Kg7 1/2-1/2

[Event "Wch Rapid"]
[Site "Almaty"]
[Date "2022.12.27"]
[Round "7"]
[White "Khusenkhojaev, Mustafokhuja"]
[Black "Hambleton, Aman"]
[Result "1/2-1/2"]
[WhiteElo "2161"]
[BlackElo "2450"]
[PlyCount "119"]
[EventDate "2022.12.26"]
[EventType "swiss (rapid)"]
[EventRounds "13"]
[EventCountry "KAZ"]
[SourceTitle "CBM 212"]
[Source "ChessBase"]
[SourceDate "2023.02.28"]
[SourceVersion "1"]
[SourceVersionDate "2023.02.28"]
[SourceQuality "1"]

1. d4 Nf6 2. c4 e6 3. g3 c5 4. d5 exd5 5. cxd5 d6 6. Nc3 g6 7. Bg2 Bg7 8. Nf3 0-0 9. 0-0 Nbd7 10. Bf4 Qe7 11. Re1 a6 12. a4 Ng4 13. Bg5 f6 14. Bd2 f5 15. h3 Nge5 16. Ng5 Nf6 17. Qb3 Rb8 18. f4 Nf7 19. Ne6 Bxe6 20. dxe6 Nd8 21. Nd5 Nxd5 22. Bxd5 Nc6 23. e3 Bf6 24. Bc3 Kg7 25. g4 Bxc3 26. Qxc3+ Kg8 27. Rf1 Nb4 28. e4 fxe4 29. Qb3 Kh8 30. Rae1 Rbe8 31. Rxe4 Qg7 32. Rf2 Re7 33. Kh2 h6 34. Bc4 b5 35. axb5 axb5 36. Bxb5 d5 37. Rxb4 cxb4 38. Qxd5 Qf6 39. Bd7 Kh7 40. Qc5 b3 41. Qb4 h5 42. Qxb3 Qd4 43. Qg3 Kh8 44. Qc3 Qg7 45. f5 Rf6 46. Rg2 hxg4 47. Rxg4 Rxf5 48. Rxg6 Rf2+ 49. Kg3 Qxc3+ 50. bxc3 Rc2 51. Kf4 Rxc3 52. h4 Rc5 53. Rg5 Rc7 54. Rd5 Rc4+ 55. Kg5 Rg7+ 56. Kf6 Rxh4 57. Rg5 Rh6+ 58. Kf5 Rxg5+ 59. Kxg5 Rxe6 60. Bxe6 1/2-1/2

[Event "Wch Rapid"]
[Site "Almaty"]
[Date "2022.12.26"]
[Round "3"]
[White "Esipenko, Andrey"]
[Black "Khusenkhojaev, Mustafokhuja"]
[Result "1-0"]
[WhiteElo "2694"]
[BlackElo "2161"]
[PlyCount "85"]
[EventDate "2022.12.26"]
[EventType "swiss (rapid)"]
[EventRounds "13"]
[EventCountry "KAZ"]
[SourceTitle "CBM 212"]
[Source "ChessBase"]
[SourceDate "2023.02.28"]
[SourceVersion "1"]
[SourceVersionDate "2023.02.28"]
[SourceQuality "1"]

1. e4 e5 2. Nf3 Nc6 3. Bb5 a6 4. Ba4 Nf6 5. 0-0 Be7 6. Re1 b5 7. Bb3 d6 8. c3 0-0 9. h3 Bb7 10. d4 Re8 11. Nbd2 Bf8 12. a3 h6 13. Bc2 Nb8 14. b3 Nbd7 15. Bb2 g6 16. a4 Bg7 17. Bd3 c6 18. Qc2 Qc7 19. dxe5 dxe5 20. b4 bxa4 21. Rxa4 c5 22. Qb3 a5 23. Rxa5 Rxa5 24. bxa5 Qxa5 25. Bc4 Rf8 26. Bxf7+ Rxf7 27. Qxb7 Nh5 28. Ra1 Qb6 29. Qxb6 Nxb6 30. c4 Nd7 31. g3 g5 32. Ra6 Bf6 33. Nf1 Ng7 34. Ne3 Re7 35. Nd5 Re6 36. Ra7 Nb6 37. Nxf6+ Rxf6 38. Nxe5 Ne6 39. Rb7 Nd4 40. Bxd4 cxd4 41. c5 Re6 42. cxb6 Rxe5 43. Rd7 1-0

[Event "Atyrau op"]
[Site "Atyrau"]
[Date "2022.08.20"]
[Round "6"]
[White "Novik, Maxim"]
[Black "Khusenkhojaev, Mustafokhuja"]
[Result "1/2-1/2"]
[WhiteElo "2436"]
[BlackElo "2238"]
[PlyCount "145"]
[EventDate "2022.08.15"]
[EventType "swiss"]
[EventRounds "9"]
[EventCountry "KAZ"]
[SourceTitle "CBM 210 Extra"]
[Source "ChessBase"]
[SourceDate "2022.11.30"]
[SourceVersion "1"]
[SourceVersionDate "2022.11.30"]
[SourceQuality "1"]

1. e4 e5 2. Nf3 Nc6 3. Bc4 Bc5 4. d3 Nf6 5. Nc3 h6 6. 0-0 0-0 7. Ne2 d5 8. exd5 Nxd5 9. Ng3 Nf6 10. c3 a6 11. b4 Bd6 12. a4 Re8 13. Bb3 Be6 14. Bc2 Qd7 15. Re1 b5 16. h3 Rad8 17. Bd2 Bd5 18. Nh2 Ne7 19. Nf3 Nc6 20. Nh4 Ne7 21. Nh5 Nxh5 22. Qxh5 f5 23. Bxh6 gxh6 24. Qxh6 Qe6 25. Qg5+ Kh7 26. f4 Rg8 27. Qh5+ Qh6 28. Qxh6+ Kxh6 29. fxe5 Bxb4 30. cxb4 Kh5 31. axb5 axb5 32. Ra7 Rc8 33. Ra6 Kxh4 34. Rh6+ Kg5 35. Rh7 Nc6 36. Bd1 Kg6 37. Rh4 Kf7 38. g4 Rce8 39. Kh2 Rxe5 40. Rf1 Ke8 41. Rh5 Ne7 42. Kg3 f4+ 43. Kf2 Rxh5 44. gxh5 Rg3 45. Bg4 Rxd3 46. Re1 Re3 47. Rxe3 fxe3+ 48. Kxe3 Kf7 49. Kd4 Kf6 50. Kc5 Bc4 51. Bd7 Be2 52. h6 Kg6 53. Bxb5 Bf3 54. Bd7 Ng8 55. Bc6 Be2 56. Be4+ Kxh6 57. Kc6 Nf6 58. Bg2 Ne8 59. Kd7 Bh5 60. b5 Kg7 61. Bc6 Kf8 62. Kd8 Ng7 63. Kxc7 Ke7 64. b6 Ne6+ 65. Kc8 Nc5 66. b7 Nxb7 67. Kxb7 Kf6 68. Kc7 Kg5 69. Kd6 Kh4 70. Bd7 Be2 71. Ke5 Bf1 72. Kf4 Bxh3 73. Bxh3 1/2-1/2

[Event "Atyrau op"]
[Site "Atyrau"]
[Date "2022.08.18"]
[Round "4"]
[White "Isanzhulov, Arystan"]
[Black "Khusenkhojaev, Mustafokhuja"]
[Result "1-0"]
[WhiteElo "2307"]
[BlackElo "2238"]
[PlyCount "107"]
[EventDate "2022.08.15"]
[EventType "swiss"]
[EventRounds "9"]
[EventCountry "KAZ"]
[SourceTitle "CBM 210 Extra"]
[Source "ChessBase"]
[SourceDate "2022.11.30"]
[SourceVersion "1"]
[SourceVersionDate "2022.11.30"]
[SourceQuality "1"]

1. e4 e5 2. Nf3 Nc6 3. Bb5 a6 4. Ba4 Nf6 5. d3 d6 6. 0-0 g6 7. c3 Bg7 8. Re1 0-0 9. h3 h6 10. Bxc6 bxc6 11. d4 exd4 12. cxd4 Nd7 13. Nc3 c5 14. Be3 cxd4 15. Bxd4 Bb7 16. Rc1 Re8 17. b3 Nf6 18. Bxf6 Bxf6 19. Nd5 c6 20. Nxf6+ Qxf6 21. Qd2 c5 22. Nh2 h5 23. f3 a5 24. Nf1 a4 25. Ne3 axb3 26. axb3 Rab8 27. Red1 Red8 28. b4 Ba8 29. Rb1 Rbc8 30. b5 c4 31. Qd4 Qxd4 32. Rxd4 c3 33. b6 Bb7 34. Rc1 Rc5 35. Rd3 Rb5 36. Nc4 d5 37. Rcxc3 Rb8 38. exd5 Bxd5 39. Nd6 Rb1+ 40. Kf2 Ba8 41. Nc4 Bb7 42. Ne5 Rxb6 43. Rd7 Rb2+ 44. Kg3 h4+ 45. Kxh4 Rxg2 46. Nxf7 Kg7 47. Ng5+ Kf6 48. f4 Bd5 49. Rc6+ Kf5 50. Rxd5+ Kxf4 51. Rc4+ Ke3 52. Re4+ Kf2 53. Rd2+ Kg1 54. Re1+ 1-0

[Event "Olympiad-44"]
[Site "Chennai"]
[Date "2022.08.09"]
[Round "11.2"]
[White "O'Gorman, Tom"]
[Black "Khusenkhojaev, Mustafokhuja"]
[Result "1-0"]
[WhiteElo "2401"]
[BlackElo "2238"]
[PlyCount "101"]
[EventDate "2022.07.29"]
[EventType "team-swiss"]
[EventRounds "11"]
[EventCountry "IND"]
[SourceTitle "CBM 210"]
[Source "ChessBase"]
[SourceDate "2022.10.31"]
[SourceVersion "1"]
[SourceVersionDate "2022.10.31"]
[SourceQuality "1"]
[WhiteTeam "Ireland"]
[BlackTeam "Tajikistan"]
[WhiteTeamCountry "IRL"]
[BlackTeamCountry "TJK"]

1. d4 Nf6 2. c4 g6 3. Nc3 d5 4. cxd5 Nxd5 5. e4 Nxc3 6. bxc3 Bg7 7. Nf3 c5 8. Be2 Nc6 9. d5 Bxc3+ 10. Bd2 Bxa1 11. Qxa1 Nd4 12. Nxd4 cxd4 13. Qxd4 0-0 14. 0-0 Qb6 15. Qc3 f6 16. Be3 Qd8 17. h4 Bd7 18. Bh6 Re8 19. h5 Rc8 20. Qg3 Qc7 21. f4 Kf7 22. Kh1 e6 23. e5 exd5 24. Bf3 Qc4 25. Rd1 Rc5 26. hxg6+ hxg6 27. Qh4 fxe5 28. Bg5 Bf5 29. Qh7+ Ke6 30. fxe5 Rc7 31. Qh6 Rd7 32. Bf6 Qb4 33. Qe3 Rc8 34. Kh2 d4 35. Qf4 Qc3 36. Qh4 Rf8 37. Qh6 Rg8 38. Qh4 Qe3 39. Re1 Qd2 40. Bg5 Qb4 41. Bd1 a5 42. Bb3+ Rd5 43. Qh7 Rf8 44. Rc1 Kxe5 45. Bxd5 Kxd5 46. Be7 Qd2 47. Rc5+ Ke6 48. Bxf8 Qf4+ 49. Kg1 Qe3+ 50. Kh1 Kf6 51. Bg7+ 1-0

[Event "Olympiad-44"]
[Site "Chennai"]
[Date "2022.08.03"]
[Round "6.2"]
[White "Fluvia Poyatos, Jordi"]
[Black "Khusenkhojaev, Mustafokhuja"]
[Result "1-0"]
[WhiteElo "2451"]
[BlackElo "2238"]
[PlyCount "61"]
[EventDate "2022.07.29"]
[EventType "team-swiss"]
[EventRounds "11"]
[EventCountry "IND"]
[SourceTitle "CBM 210"]
[Source "ChessBase"]
[SourceDate "2022.10.31"]
[SourceVersion "1"]
[SourceVersionDate "2022.10.31"]
[SourceQuality "1"]
[WhiteTeam "Andorra"]
[BlackTeam "Tajikistan"]
[WhiteTeamCountry "AND"]
[BlackTeamCountry "TJK"]

1. e4 e5 2. Nf3 Nc6 3. d4 exd4 4. Nxd4 Nf6 5. Nxc6 bxc6 6. Bd3 d5 7. exd5 cxd5 8. 0-0 Be7 9. c4 0-0 10. Nc3 d4 11. Ne4 Ng4 12. Bf4 f5 13. Ng3 g5 14. Bd2 Ne5 15. Qe2 Nxd3 16. Qxd3 f4 17. Ne4 c5 18. a3 a5 19. b4 axb4 20. axb4 Rxa1 21. Rxa1 cxb4 22. Ra7 Bf5 23. c5 Kh8 24. Bxb4 Re8 25. f3 g4 26. Qc4 gxf3 27. Ba5 Qc8 28. Qxd4+ Kg8 29. Bc3 f2+ 30. Kf1 Kf7 31. Qf6+ 1-0